| 000 | 00000nam##2200000za#4500 |
| 001 | 9.688981 |
| 003 | CaOODSP |
| 005 | 20210624231702 |
| 007 | cr ||||||||||| |
| 008 | 150407|2007||||xxc|||||o f|0| 0 eng|d |
| 020 | |a0-662-44470-1 |
| 040 | |aCaOODSP|beng |
| 043 | |an-cn--- |
| 086 | 1 |aH164-38/2-2007E-PDF |
| 110 | 1 |aCanada. |bHealth Products and Food Branch. |
| 245 | 10|aEating well with Canada's food guide - a resource for educators and communicators |h[electronic resource] |
| 260 | |aOttawa - Ontario : |bHealth Canada. |c2007. |
| 300 | |a60p.|billus. |
| 520 | 3 |aThis resource provides background information, tips, and tools to complement the recommendations in Canada’s Food Guide — a lay guide that translates the science of nutrition and health into a recommended regimen of healthy eating designed to meet nutrient needs and reduce the risk of obesity and chronic diseases. The resource is intended to be used to write and talk about the importance of eating well, develop or advocate for nutrition policies, and create new tools and resources. Includes a copy of Canada’s Food Guide and a promotional poster. |
| 590 | |a07-08|b2007-02-23 |
| 690 | 07|aNutrition|2gcpds |
| 775 | 08|tBien manger avec le Guide alimentaire canadien - ressource à l'intention des éducateurs et communicateurs |w(CaOODSP)9.633401 |
| 776 | 0#|tEating well with Canada's food guide - a resource for educators and communicators |w(CaOODSP)9.650419 |
| 856 | 40|ahttp://publications.gc.ca|qPDF|s2747 KB|uhttps://publications.gc.ca/collections/Collection/H164-38-2-2007E.pdf |
| 986 | |aHC Pub.: 4667 |